LDR 01158naa#a2200181#i#450# 001 RU\\bibl\121344 005 20260514075248.4 011 ## _a1994-4683 100 ## _a20230803b2023####ek#y0rusy0150####ca 102 ## _aRU 200 1# _aАПРОБАЦИЯ ИЗМЕНЕНИЙ РАБОЧЕЙ ПРОГРАММЫ ДИСЦИПЛИНЫ "ИСТОРИЯ ФИЗИЧЕСКОЙ КУЛЬТУРЫ И СПОРТА" ДЛЯ НАПРАВЛЕНИЯ ПОДГОТОВКИ 49.03.01 "ФИЗИЧЕСКАЯ КУЛЬТУРА" ПРОФИЛЬ "ФИЗКУЛЬТУРНОЕ ОБРАЗОВАНИЕ" _eЖурнальная статья 210 1# _aМосква _cНациональный государственный Университет физической культуры, спорта и здоровья им. П.Ф. Лесгафта _d2023 215 ## _a7 с. 608 ## _aЖурнальная статья _2local 675 ## _aЛюбительский спорт. Спортсмены-любители, игроки-любители. Кадры любительского спорта. 796.077 _z 700 #1 _aСысоев _gА В 700 #1 _aМаркина _gВ Б 856 4# _auchzapiski.lesgaft.spb.ru _u